Cargando...

English Critical essays:Twentieth century/

Detalles Bibliográficos
Autor Principal: Hudson ,Derek
Formato: Printed Book
Idioma:English
Publicado: Madras: Oxford University Press, 1982.
LEADER 00484nam a2200121Ia 4500
008 111205s9999 xx 000 0 eng d
100 |a Hudson ,Derek 
245 |a English Critical essays:Twentieth century/  |c Hudson ,Derek 
260 |b Oxford University Press,   |a Madras:  |c 1982. 
300 |a 363p. 
942 |c BK  |2 ddc 
999 |c 218174  |d 218174 
952 |0 0  |1 0  |2 ddc  |4 0  |6 E_820_900000000000000_HUD_E  |7 0  |9 241091  |a MAL  |b MAL  |c ST1  |d 1980-03-26  |g 22.00  |l 0  |o E 820.9 HUD/E  |p MAL19325  |r 2015-04-13  |v 22.00  |w 2015-04-13  |y BK